How to win friends & influence people / (Record no. 6175)

MARC details
000 -LEADER
fixed length control field 01891nam a22002177a 4500
001 - CONTROL NUMBER
control field 6175
003 - CONTROL NUMBER IDENTIFIER
control field FISKH
005 - DATE AND TIME OF LATEST TRANSACTION
control field 20250324134511.0
008 - FIXED-LENGTH DATA ELEMENTS--GENERAL INFORMATION
fixed length control field 250324b cb ||||| |||| 00| 0 eng d
020 ## - INTERNATIONAL STANDARD BOOK NUMBER
International Standard Book Number 9780091906818
040 ## - CATALOGING SOURCE
Original cataloging agency FISKH
Language of cataloging eng
Transcribing agency FISKH
Modifying agency FISKH
050 ## - LIBRARY OF CONGRESS CALL NUMBER
Classification number BF637.S8 C37
082 ## - DEWEY DECIMAL CLASSIFICATION NUMBER
Classification number 158.1
100 ## - MAIN ENTRY--PERSONAL NAME
Personal name Carnegie, Dale
245 ## - TITLE STATEMENT
Title How to win friends & influence people /
Statement of responsibility, etc. By Dale Carnegie
260 ## - PUBLICATION, DISTRIBUTION, ETC.
Place of publication, distribution, etc. New York :
Name of publisher, distributor, etc. Random House ;
Date of publication, distribution, etc. 1936 .
300 ## - PHYSICAL DESCRIPTION
Extent 167 unnumbered pages :
Other physical details illustrations ;
Dimensions 30 cm .
520 ## - SUMMARY, ETC.
Summary, etc. In today's fast-paced world, it's tough to find the time to read. But with Joosr guides, you can get the key insights from bestselling non-fiction titles in less than 20 minutes. Whether you want to gain knowledge on the go or find the books you'll love, Joosr's brief and accessible eBook summaries fit into your life. Find out more at joosr. com. Positive interactions with people are the basis of success in business, in life and in love. Unlock surprising secrets about what makes people enjoy other people, and learn to become a friendlier, more engaging person who makes a positive impression on those around you. In How to Win Friends and Influence People Dale Carnegie teaches readers how to use human psychology to improve their people skills. By simply learning the importance of taking a genuine interest in other people, you can become a more engaging person. And through following the simple steps outlined in this book, it's possible to transform yourself into a nicer, more understanding individual to whom others are irresistibly drawn. You will learn:- How you can get the most out of employees by emulating great leaders of the past- The art of subtly suggesting your own ideas to bring others to your opinion- Why you must avoid arguing with others, and how it will make them like you more
942 ## - ADDED ENTRY ELEMENTS (KOHA)
Source of classification or shelving scheme Dewey Decimal Classification
Koha item type Books
Suppress in OPAC No
Holdings
Withdrawn status Lost status Source of classification or shelving scheme Damaged status Not for loan Collection Home library Current library Shelving location Date acquired Total Checkouts Full call number Barcode Date last seen Price effective from Koha item type
    Dewey Decimal Classification     Non-Fiction Footprints International School Library Network Toul Tom Poung Campus Footprints International School Library Network Toul Tom Poung Campus TTP Secondary Non-Fiction Bookshelves 03/24/2025   CAR 158.1 BF637.S8 C37 FISSE01593 03/24/2025 03/24/2025 Books